000 00646cam a22002413a 4500
001 12684
003 PGUSA
005 20140828083255.0
008 040601s2004||||xxu|||||s|||||000 1 eng d
040 _aPGUSA
_beng
042 _adc
050 4 _aPS
100 1 _aAnderson, Nephi,
_d1865-1923
245 1 0 _aDorian
_h[electronic resource] /
_cNephi Anderson
260 _bProject Gutenberg,
_c2004
506 _aPublic domain in the USA.
516 _aElectronic text
653 _aMormons -- Fiction
653 _aChristian fiction
830 0 _aProject Gutenberg
_v12684
856 4 0 _uhttp://www.gutenberg.org/ebooks/12684
942 _cEB
999 _c241939
_d241939